00577 2200181 4500001002100000005001500021035002000036008004100056082000700097090001300104100001800117245015400135260003200289300002900321084001300350650001600363990001600379INLIS00000000000309420260509024032 a0010-0521003094260509 g 0 ger  a92 a92 RUT g0 aRUTIMEYER, L.1 aGesammelte kleine schriften allgemeinen inhalts aus dem gebiete der naturwissenschaft. Band I : Autobiographie, zoologische schriften /cL. Rutimeyer aBasel :bGeorg & Cie,c1898 a401 p. :bill. ;c23 cm. a92 RUT g 4aBIOGRAPHIES a00000006088